00799 a2200181 45000010006000000050017000060080041000230030015000640400040000790800056001192450043001750200018002182640053002363000019002895050261003080410008005691000040005773710320260407155641.0260407a1986 arg spa dAR-UNSa-BCEJYS aAR-UNSa-BCEJYSbspacAR-UNSa-BCEJYS a331.105.44xOrganizaciones de empleados. Sindicatos10aHistoria sindical argentinap1853-1955 a950-9385-11-5 1aBuenos Aires :bEdiciones Ciudad Argentinac1986 a152 p.c22 cm. a1. El movimiento obrero y la organización y consolidación nacional - 2. El movimiento obrero y el gobierno radical (1916-1930) - 3. El movimiento obrero y el gobierno conservador (1930-1943) - 4. El movimiento obrero y el gobierno peronista (1943-1955) aspa1 aSan Martino de Dromi, María Laura